000 00806nam a2200253 i 4500
001 110681
003 ES-MaACL
005 20250804044550.0
007 t|
008 070119s1986 sp ||||1| spa d
020 _a84-7046-422-1
080 _a1(38)"-03/-00"
100 1 _aGarcía Gual, Carlos.
_954728
245 1 3 _aLa filosofía helenística
_b: éticas y sistemas /
_cCarlos García Gual, María Jesús Imaz.
260 _aMadrid :
_bCincel,
_c1986.
300 _a232 p. ;
_c19 cm.
490 1 _aHistoria de la filosofía ;
_v6
504 _aBibliografía: p. 229-232. Indice.
650 1 7 _aFilosofía helenística
_2embne
_912852
700 1 _aImaz, María Jesús.
_965206
830 0 _aHistoria de la filosofía ;
_v6
_9181726
852 _aES-MaACL
_jL-15572
999 _c110681
_d110681